| 000 | 00602nam a22002057a 4500 | ||
|---|---|---|---|
| 005 | 20251108170929.0 | ||
| 008 | 250721s9999 xx 000 0 ara d | ||
| 082 | 1 | 4 | _aط/523.6/سلق |
| 100 | 1 |
_aسلق، أحمد _eمؤلف |
|
| 245 | 1 | 0 | _aالمذنبات / |
| 264 | 1 |
_aبيروت : _bدار الشرق العربي، |
|
| 300 | _a8ص. | ||
| 490 | 0 | _aغرائب الكون للناشئة | |
| 650 | 1 | 7 | _aالمذنبات |
| 650 | 1 | 7 | _aعلم الفلك |
| 653 | _aاطفال مرحلة متوسطة (6-9) سنوات | ||
| 700 | 1 | _aسلق، هيثم | |
| 942 |
_2ddc _cBK |
||
| 999 |
_c52377 _d52377 |
||